000 00452nam a2200145 a 4500
008 120416s0000 ||||||||||||||||| || u
020 _a0706603184
050 _aPR 6058.A4385 Hal
100 _aHall, Adam
245 1 0 _aRook's gambit
260 _aLondon
_bRemploy
_c1972
300 _a222p.
350 _a0.00
995 _D0.00
_FCBU-MAIN LIBRARY (Kitwe)
_H1
_I1.60
_M1
_UAVAILABLE
_ZFiction Collection
999 _c56740
_d56740